[Event "Coupe de la Loire"]
[Site "?"]
[Date "2015.05.10"]
[Round "1.1"]
[White "Allabrune, Guillaume"]
[Black "Acikgoz, Tuncay"]
[Result "0-1"]
[WhiteElo "1503"]
[BlackElo "1610"]
[PlyCount "59"]
[EventDate "2015.??.??"]
[WhiteTeam "St Chamond 1"]
[BlackTeam "ESSE 1"]

1. Nf3 d5 2. d4 g6 3. c4 c6 4. Nc3 Bg7 5. Bf4 Nf6 6. e3 Qb6 7. Qb3 Qxb3 8. axb3
O-O 9. Bd3 Na6 10. Ra4 Bd7 11. Ne5 Be8 12. b4 dxc4 13. Bxc4 Nb8 14. b5 Nh5 15.
Bg5 cxb5 16. Nxb5 Bxb5 17. Bxb5 f6 18. Bc4+ Kh8 19. Nf7+ Rxf7 20. Bxf7 fxg5 21.
Bd5 Nc6 22. Ke2 Nxd4+ 23. Kd3 Nc6 24. Bxc6 bxc6 25. b3 Nf6 26. Rc1 Nd7 27. f4
gxf4 28. exf4 c5 29. Re1 Bf6 30. Rea1 0-1

[Event "Coupe de la Loire"]
[Site "?"]
[Date "2015.05.10"]
[Round "1.2"]
[White "Samuel, Christian"]
[Black "Barrandon, Georges"]
[Result "1-0"]
[WhiteElo "1843"]
[BlackElo "1450"]
[PlyCount "67"]
[EventDate "2015.??.??"]
[WhiteTeam "ESSE 1"]
[BlackTeam "St Chamond 1"]

1. d4 d5 2. Nf3 e6 3. g3 Nf6 4. Bg2 c5 5. e3 Nc6 6. O-O b6 7. c4 Bb7 8. Qa4 Bd6
9. Nc3 O-O 10. cxd5 Nxd5 11. Ne4 Be7 12. Bd2 f5 13. Nc3 cxd4 14. exd4 a6 15.
Rfe1 b5 16. Qd1 Bc8 17. a3 Bf6 18. Ne2 Bd7 19. Bf4 Re8 20. Bd6 Qb6 21. Bc5 Qc7
22. Rc1 Be7 23. b4 a5 24. Ne5 axb4 25. Bxe7 Ndxe7 26. axb4 Qb7 27. Nf4 g5 28.
Nxe6 Bxe6 29. Nxc6 Bd5 30. Nxe7+ Rxe7 31. Rxe7 Qxe7 32. Bxd5+ Kg7 33. Bxa8 Qxb4
34. d5 1-0

[Event "Coupe de la Loire"]
[Site "?"]
[Date "2015.05.10"]
[Round "1.3"]
[White "Bouchut, Leo"]
[Black "Boeuf, Jean-Julien"]
[Result "0-1"]
[WhiteElo "1424"]
[BlackElo "1505"]
[PlyCount "82"]
[EventDate "2015.??.??"]
[WhiteTeam "St Chamond 1"]
[BlackTeam "ESSE 1"]

1. e4 d5 2. exd5 Nf6 3. Nc3 Nxd5 4. Bb5+ c6 5. Nxd5 Qxd5 6. Ba4 Qxg2 7. Qf3
Qxf3 8. Nxf3 Bf5 9. d3 Nd7 10. Bb3 Nc5 11. Bc4 b5 12. Bb3 Nxb3 13. axb3 g6 14.
Ra6 Bg7 15. Rxc6 O-O 16. Nh4 Be6 17. Rc7 Bd5 18. f3 a6 19. O-O Bf6 20. Ng2 Rfc8
21. Rd7 Be6 22. Rb7 Rxc2 23. Nf4 Bxb3 24. Be3 Rxb2 25. Rc1 Rc2 26. Rxc2 Bxc2
27. Nd5 Bxd3 28. Nxe7+ Bxe7 29. Rxe7 a5 30. Rd7 Bc4 31. Rd1 a4 32. Bd4 a3 33.
Re1 f5 34. Ba1 Kf7 35. f4 Rb8 36. Rd1 Rb7 37. Rd2 Re7 38. Rd1 h6 39. Kg2 g5 40.
fxg5 hxg5 41. Kf3 Be2+ 0-1

[Event "Coupe de la Loire"]
[Site "?"]
[Date "2015.05.10"]
[Round "1.4"]
[White "Petrosyan, Armen"]
[Black "Vericel, Maxime"]
[Result "1-0"]
[WhiteElo "1520"]
[BlackElo "1010"]
[PlyCount "81"]
[EventDate "2015.??.??"]
[WhiteTeam "ESSE 1"]
[BlackTeam "St Chamond 1"]

1. Nf3 Nc6 2. d4 d5 3. e3 Bg4 4. c4 Nf6 5. Qb3 Bxf3 6. gxf3 e6 7. Bd2 b6 8. a3
Na5 9. Qa4+ Qd7 10. Qxd7+ Nxd7 11. cxd5 exd5 12. Bxa5 bxa5 13. Bb5 Rb8 14. Nc3
c5 15. Rb1 cxd4 16. exd4 g5 17. O-O Bg7 18. Rfe1+ Kd8 19. Bxd7 Kxd7 20. Nxd5
Bxd4 21. b4 axb4 22. Nxb4 a5 23. Nc2 Rxb1 24. Rxb1 Bc5 25. Rb7+ Kc6 26. Rxf7
Rd8 27. a4 Rd4 28. Nxd4+ Bxd4 29. Rxh7 Kc5 30. Rh5 Bf6 31. f4 Kb4 32. fxg5 Bc3
33. Rh4+ Ka3 34. g6 Bf6 35. Rg4 Kb3 36. h4 Kc3 37. h5 Kd2 38. h6 Ke2 39. Kg2
Ke1 40. g7 Bxg7 41. hxg7 1-0

[Event "Coupe de la Loire"]
[Site "?"]
[Date "2015.05.10"]
[Round "1.1"]
[White "Moreira, Philippe"]
[Black "Liogier, Pascal"]
[Result "1-0"]
[WhiteElo "1986"]
[BlackElo "1580"]
[PlyCount "83"]
[EventDate "2015.??.??"]
[WhiteTeam "EDR 1"]
[BlackTeam "Aurec 2"]

1. e4 c6 2. Nc3 d5 3. Nf3 dxe4 4. Nxe4 Nd7 5. Bc4 Ngf6 6. Neg5 Nd5 7. Qe2 h6 8.
Ne4 Qc7 9. d4 e6 10. c3 Be7 11. O-O N7f6 12. Ne5 Nxe4 13. Qxe4 Bf6 14. f4 b5
15. Bd3 Rf8 16. Ng4 Bd7 17. a4 Be7 18. Qh7 Nf6 19. Qxg7 Nxg4 20. Qxg4 e5 21.
Qe2 exd4 22. cxd4 bxa4 23. f5 Kd8 24. Rxa4 c5 25. Bb5 Bxb5 26. Qxb5 cxd4 27.
Rxd4+ Bd6 28. Rfd1 Qb6 29. Qxb6+ axb6 30. Rxd6+ Kc7 31. Bxh6 Rfe8 32. Bf4 Kb7
33. R1d2 Ra1+ 34. Kf2 Ree1 35. Rd7+ Kc6 36. Rxf7 Rf1+ 37. Kg3 Rab1 38. Be5 Rfe1
39. Bc3 Re4 40. f6 Rf1 41. h3 Rh1 42. Re7 1-0

[Event "Coupe de la Loire"]
[Site "?"]
[Date "2015.05.10"]
[Round "1.2"]
[White "Desassis, Jean-François"]
[Black "Marazian, Antoine"]
[Result "1-0"]
[WhiteElo "1491"]
[BlackElo "1641"]
[PlyCount "77"]
[EventDate "2015.??.??"]
[WhiteTeam "Aurec 2"]
[BlackTeam "EDR 1"]

1. c4 d5 2. e3 d4 3. exd4 Qxd4 4. Nf3 Qd8 5. d4 Nf6 6. Nc3 c6 7. h3 e6 8. Bd3
Be7 9. O-O h6 10. a3 Nbd7 11. b4 b6 12. Ne5 Nxe5 13. dxe5 Nd7 14. Re1 Bb7 15.
Bb2 Qc7 16. Qe2 a5 17. b5 Nc5 18. Ne4 Nxd3 19. Qxd3 Rd8 20. Qg3 O-O 21. Nf6+
Bxf6 22. exf6 Qxg3 23. fxg3 Rd2 24. Bc3 Rd3 25. fxg7 Rfd8 26. Bf6 R8d7 27. Ra2
cxb5 28. cxb5 Rd2 29. Rxd2 Rxd2 30. Rc1 Rd7 31. Be5 Rd5 32. Bf6 Rd7 33. a4 Kh7
34. g4 Kg8 35. h4 Kh7 36. g5 hxg5 37. hxg5 Kg8 38. Kf2 Kh7 39. Rh1+ 1-0

[Event "Coupe de la Loire"]
[Site "?"]
[Date "2015.05.10"]
[Round "1.4"]
[White "Grasso, Michel"]
[Black "Frey, Thierry"]
[Result "0-1"]
[WhiteElo "1399"]
[BlackElo "1841"]
[PlyCount "60"]
[EventDate "2015.??.??"]
[WhiteTeam "Aurec 2"]
[BlackTeam "EDR 1"]

1. e4 d6 2. Nf3 Nf6 3. Nc3 g6 4. Bc4 Bg7 5. O-O O-O 6. d4 Nxe4 7. Nxe4 d5 8.
Bd3 dxe4 9. Bxe4 Nc6 10. c3 Bd7 11. Be3 Na5 12. b3 c5 13. Rc1 cxd4 14. cxd4 Rc8
15. b4 Nc4 16. Rc2 Ba4 17. Qd3 Bxc2 18. Qxc2 Nxe3 19. Qd3 Nxf1 20. Kxf1 Rc1+
21. Ne1 Qxd4 22. Qxd4 Bxd4 23. Ke2 Rxe1+ 24. Kxe1 b6 25. Ke2 Rc8 26. Kd3 Bxf2
27. a4 f5 28. Bb7 Rc7 29. Bd5+ Kg7 30. b5 Kf6 0-1

[Event "Coupe de la Loire"]
[Site "?"]
[Date "2015.05.10"]
[Round "1.1"]
[White "Doran, Nial"]
[Black "Moreira, Florian"]
[Result "1-0"]
[WhiteElo "1723"]
[BlackElo "1305"]
[PlyCount "58"]
[EventDate "2015.??.??"]
[WhiteTeam "EDR St Chamond"]
[BlackTeam "EDR 2"]

1. e4 d5 2. exd5 Qxd5 3. Nc3 Qa5 4. g3 e6 5. Bg2 Nf6 6. Nge2 Bd6 7. d3 c6 8.
Bf4 e5 9. Bd2 Qd8 10. Ne4 Bc7 11. N2c3 O-O 12. Bg5 Nbd7 13. Nxf6+ Nxf6 14. Ne4
Bd6 15. O-O Re8 16. Qe2 Be7 17. Rae1 Nd7 18. Bd2 Nf6 19. Bc3 Nd7 20. Qd2 Qc7
21. Qe2 Nf6 22. Nxf6+ Bxf6 23. f4 Re7 24. fxe5 Bxe5 25. Bxe5 Rxe5 26. Qxe5 Qxe5
27. Rxe5 Be6 28. b3 b5 29. Bxc6 Rc8 1-0

[Event "Coupe de la Loire"]
[Site "?"]
[Date "2015.05.10"]
[Round "1.2"]
[White "Perroux, Louis"]
[Black "Vier, Serge"]
[Result "0-1"]
[WhiteElo "1099"]
[BlackElo "1670"]
[PlyCount "36"]
[EventDate "2015.??.??"]
[WhiteTeam "EDR 2"]
[BlackTeam "EDR St Chamond"]

1. e4 e6 2. Nf3 d5 3. exd5 exd5 4. Nc3 Nf6 5. Bb5+ c6 6. Bd3 Bd6 7. h3 O-O 8.
h4 Re8+ 9. Be4 Nxe4 10. Qe2 Nxf2 11. Kxf2 Rxe2+ 12. Kxe2 Bg4 13. a3 Nd7 14. Kf2
Qf6 15. b4 Qf4 16. d3 Qg3+ 17. Kg1 Bxf3 18. Rh2 Qe1# 0-1

[Event "Coupe de la Loire"]
[Site "?"]
[Date "2015.05.10"]
[Round "1.3"]
[White "Avetikyan, Samuel"]
[Black "Roussel, Nathan"]
[Result "1-0"]
[WhiteElo "1220"]
[BlackElo "1399"]
[PlyCount "51"]
[EventDate "2015.??.??"]
[WhiteTeam "EDR St Chamond"]
[BlackTeam "EDR 2"]

1. e4 d5 2. exd5 Qxd5 3. Nc3 Qd7 4. Bc4 Nc6 5. Nf3 b6 6. d3 Bb7 7. Bf4 O-O-O 8.
Bxf7 Nf6 9. O-O e6 10. Ng5 Nd4 11. Be5 Bc5 12. Bxd4 Bxd4 13. Bxe6 Qxe6 14. Nxe6
Rd6 15. Nxg7 Rg8 16. g3 Rxg7 17. Nb5 h5 18. Nxd6+ cxd6 19. c3 Be5 20. f4 Bxf4
21. Rxf4 Nd5 22. Rf8+ Kc7 23. Qxh5 Ne3 24. Rf7+ Kd8 25. Qh8+ Rg8 26. Qxg8# 1-0

[Event "Coupe de la Loire"]
[Site "?"]
[Date "2015.05.10"]
[Round "1.1"]
[White "Ben Habchi, Nordine"]
[Black "Deville, Olivier"]
[Result "0-1"]
[WhiteElo "1275"]
[BlackElo "1934"]
[PlyCount "62"]
[EventDate "2015.??.??"]
[WhiteTeam "ESSE 2"]
[BlackTeam "Aurec 1"]

1. e4 c5 2. a4 Nc6 3. Bc4 e6 4. Nf3 d6 5. O-O Nf6 6. d3 Be7 7. Be3 O-O 8. Nbd2
Qc7 9. Re1 Re8 10. Nf1 d5 11. exd5 exd5 12. Bb3 Bg4 13. h3 Bh5 14. N1h2 Bd6 15.
Qd2 Ne5 16. Nxe5 Bxe5 17. f4 Bxb2 18. Ra2 Bd4 19. c3 Bxe3+ 20. Rxe3 c4 21. Bc2
cxd3 22. Bxd3 Qc5 23. Nf1 Re7 24. Kh1 Rae8 25. Rxe7 Qxe7 26. Ng3 Qe1+ 27. Qxe1
Rxe1+ 28. Kh2 Rc1 29. Ra3 Rd1 30. Bf5 Rd2 31. Rb3 Bf3 0-1

[Event "Coupe de la Loire"]
[Site "?"]
[Date "2015.05.10"]
[Round "1.2"]
[White "Graillon, David"]
[Black "Libiszewski, Christian"]
[Result "1-0"]
[WhiteElo "1914"]
[BlackElo "1435"]
[PlyCount "35"]
[EventDate "2015.??.??"]
[WhiteTeam "Aurec 1"]
[BlackTeam "ESSE 2"]

1. d4 d5 2. c4 c6 3. g3 Bf5 4. Bg2 e6 5. Nf3 Nf6 6. O-O Be7 7. Nc3 dxc4 8. Ne5
Nbd7 9. Nxc4 O-O 10. Qb3 Qc8 11. Bf4 Ne8 12. Rac1 Ndf6 13. Na5 Nd6 14. Bxd6
Bxd6 15. Qxb7 Qc7 16. Qxc7 Bxc7 17. Nxc6 Rfe8 18. Ne7+ 1-0

[Event "Coupe de la Loire"]
[Site "?"]
[Date "2015.05.10"]
[Round "1.3"]
[White "Boeuf, Jérémy"]
[Black "André, Grégory"]
[Result "1-0"]
[WhiteElo "1584"]
[BlackElo "1846"]
[PlyCount "52"]
[EventDate "2015.??.??"]
[WhiteTeam "ESSE 2"]
[BlackTeam "Aurec 1"]

1. f4 d5 2. Nf3 g6 3. e3 Bg7 4. Nc3 e6 5. Be2 Ne7 6. O-O O-O 7. d4 a6 8. Ne5
Nd7 9. Bg4 c5 10. Ne2 Qb6 11. c3 f6 12. Nd3 f5 13. Bh3 cxd4 14. exd4 Nf6 15.
Ng3 Nc6 16. Ne5 Ne4 17. Kh1 Nxe5 18. fxe5 Bd7 19. a4 Rf7 20. Qc2 Raf8 21. Ne2
g5 22. g3 Bc6 23. Bg2 h6 24. h4 Kh8 25. hxg5 Nxg5 26. Nf4 Kh7 1-0

[Event "Coupe de la Loire"]
[Site "?"]
[Date "2015.05.10"]
[Round "2.1"]
[White "Acikgoz, Tuncay"]
[Black "Moreira, Philippe"]
[Result "0-1"]
[WhiteElo "1610"]
[BlackElo "1986"]
[PlyCount "62"]
[EventDate "2015.??.??"]
[WhiteTeam "ESSE 1"]
[BlackTeam "EDR 1"]

1. d4 Nf6 2. Nf3 e6 3. g3 b5 4. Bg2 Bb7 5. O-O Be7 6. b3 O-O 7. Bb2 d6 8. Na3
a6 9. c4 b4 10. Nc2 a5 11. Nd2 Bxg2 12. Kxg2 d5 13. f3 c5 14. e4 Nc6 15. exd5
exd5 16. cxd5 Nxd4 17. Nxd4 cxd4 18. Bxd4 Qxd5 19. Nc4 Qb7 20. Qc2 Rfd8 21.
Rad1 Qb5 22. Rfe1 Nd5 23. Qe4 Bf6 24. Bb6 Nxb6 25. Rxd8+ Rxd8 26. Nxb6 Rd2+ 27.
Kh1 g6 28. Nc4 Rxa2 29. Nd6 Qb8 30. Qf4 Ra1 31. Rxa1 Bxa1 0-1

[Event "Coupe de la Loire"]
[Site "?"]
[Date "2015.05.10"]
[Round "2.2"]
[White "Marazian, Antoine"]
[Black "Samuel, Christian"]
[Result "0-1"]
[WhiteElo "1641"]
[BlackElo "1843"]
[PlyCount "74"]
[EventDate "2015.??.??"]
[WhiteTeam "EDR 1"]
[BlackTeam "ESSE 1"]

1. e4 c5 2. Nf3 Nc6 3. d4 cxd4 4. Nxd4 Nf6 5. Nc3 d6 6. f3 e5 7. Nb3 h6 8. Be3
Be7 9. Qd2 Be6 10. Be2 a6 11. O-O O-O 12. Rad1 Rc8 13. a3 Qc7 14. h3 b5 15. Na2
d5 16. exd5 Nxd5 17. Bf2 Bg5 18. Qe1 Nd4 19. Nxd4 exd4 20. Bd3 Ne3 21. Nc1 Nxf1
22. Qe4 g6 23. Qxd4 Ng3 24. Re1 Nf5 25. Qb4 Be7 26. Qg4 Ng7 27. Qe4 Bc5 28. Qe2
Bxf2+ 29. Qxf2 Qc5 30. Re2 Qxf2+ 31. Kxf2 Rfe8 32. b3 Bf5 33. Rd2 Bxd3 34. Nxd3
Rc3 35. Kf1 Nf5 36. Kf2 Rec8 37. Ne1 Ne3 0-1

[Event "Coupe de la Loire"]
[Site "?"]
[Date "2015.05.10"]
[Round "2.4"]
[White "Frey, Thierry"]
[Black "Petrosyan, Armen"]
[Result "1-0"]
[WhiteElo "1841"]
[BlackElo "1520"]
[PlyCount "55"]
[EventDate "2015.??.??"]
[WhiteTeam "EDR 1"]
[BlackTeam "ESSE 1"]

1. Nf3 Nf6 2. g3 d5 3. Bg2 e6 4. O-O Bd6 5. d3 h6 6. Nbd2 O-O 7. e4 dxe4 8.
dxe4 e5 9. Nc4 Re8 10. Qe2 a6 11. a4 Nc6 12. c3 Be6 13. Rd1 Qe7 14. Nxd6 cxd6
15. b4 Rec8 16. Bb2 Ne8 17. Nd2 f6 18. Nf1 Nd8 19. Ne3 Nf7 20. Nd5 Bxd5 21.
Rxd5 Nc7 22. Rd2 Rd8 23. h4 Kh7 24. Bh3 Kg8 25. Rad1 Ne8 26. Qc4 Qc7 27. Qxc7
Nxc7 28. c4 1-0

[Event "Coupe de la Loire"]
[Site "?"]
[Date "2015.05.10"]
[Round "2.1"]
[White "Deville, Olivier"]
[Black "Doran, Niall"]
[Result "1-0"]
[WhiteElo "1934"]
[BlackElo "1723"]
[PlyCount "57"]
[EventDate "2015.??.??"]
[WhiteTeam "Aurec 1"]
[BlackTeam "EDR St Chamond"]

1. c4 e6 2. Nf3 d5 3. d4 Nf6 4. g3 Be7 5. Bg2 O-O 6. O-O Nbd7 7. Nbd2 b6 8. Ne5
Bb7 9. Qa4 Nxe5 10. dxe5 Nd7 11. f4 Nc5 12. Qc2 dxc4 13. Bxb7 Nxb7 14. Rd1 Qd4+
15. Kh1 Rfd8 16. Rf1 Qd5+ 17. e4 Qc6 18. Nxc4 Rd4 19. Ne3 Nc5 20. a3 a5 21. Ng4
Rxe4 22. Qg2 Nb3 23. Rb1 Bc5 24. Be3 Bxe3 25. Nxe3 Rd8 26. Rbd1 Rd2 27. Rxd2
Nxd2 28. Rd1 Kf8 29. Rxd2 1-0

[Event "Coupe de la Loire"]
[Site "?"]
[Date "2015.05.10"]
[Round "2.2"]
[White "Vier, Serge"]
[Black "Graillon, David"]
[Result "1-0"]
[WhiteElo "1670"]
[BlackElo "1914"]
[PlyCount "46"]
[EventDate "2015.??.??"]
[WhiteTeam "EDR St Chamond"]
[BlackTeam "Aurec 1"]

1. d4 d5 2. c4 dxc4 3. Nf3 c6 4. e3 b5 5. a4 e6 6. b3 Bb4+ 7. Bd2 Bxd2+ 8. Qxd2
cxb3 9. axb5 Ne7 10. bxc6 Nbxc6 11. Bc4 Rb8 12. Ra3 b2 13. Rb3 Rxb3 14. Bxb3
Qb6 15. Qxb2 Ba6 16. Nbd2 O-O 17. Qa2 Nb4 18. Qa3 Ned5 19. Ne5 Rc8 20. Ne4 f6
21. Nf3 Qb5 22. Ng3 Qd3 23. Qb2 Rc2 1-0

[Event "Coupe de la loire"]
[Site "?"]
[Date "2015.05.10"]
[Round "2.3"]
[White "Djouder, Larbi"]
[Black "Avetikyan, Samuel"]
[Result "1-0"]
[WhiteElo "1646"]
[BlackElo "1220"]
[PlyCount "22"]
[EventDate "2015.??.??"]
[WhiteTeam "Aurec 1"]
[BlackTeam "EDR St Chamond"]

1. e4 e5 2. Nf3 Nc6 3. Bc4 Nf6 4. O-O Bc5 5. d3 d5 6. exd5 Nxd5 7. d4 exd4 8.
Nxd4 Bb6 9. Re1+ Nce7 10. Nc3 O-O 11. Bg5 Qd7 1-0

[Event "Coupe de la Loire"]
[Site "?"]
[Date "2015.05.10"]
[Round "2.1"]
[White "Liogier, Pascal"]
[Black "Allabrune, Guillaume"]
[Result "0-1"]
[WhiteElo "1580"]
[BlackElo "1503"]
[PlyCount "34"]
[EventDate "2015.??.??"]
[WhiteTeam "Aurec 2"]
[BlackTeam "St Chamond 1"]

1. d4 Nf6 2. Nf3 e6 3. Bf4 c5 4. Bxb8 Rxb8 5. dxc5 Bxc5 6. e3 d5 7. Nbd2 b5 8.
Nb3 Bd6 9. Nfd4 Bd7 10. Bd3 O-O 11. O-O Qc7 12. f4 e5 13. Nf5 Bxf5 14. Bxf5
exf4 15. exf4 Bxf4 16. h4 Qe5 17. Qd4 Be3+ 0-1

[Event "Coupe de la Loire"]
[Site "?"]
[Date "2015.05.10"]
[Round "2.2"]
[White "Barrandon, Georges"]
[Black "Desassis, Jean-François"]
[Result "1/2-1/2"]
[WhiteElo "1450"]
[BlackElo "1491"]
[PlyCount "113"]
[EventDate "2015.??.??"]
[WhiteTeam "St Chamond 1"]
[BlackTeam "Aurec 2"]

1. d4 c5 2. c3 e6 3. Nf3 Nf6 4. Bf4 Nc6 5. Nbd2 d5 6. e3 Be7 7. Bb5 Bd7 8. h3
c4 9. Ba4 a6 10. Bc2 b5 11. b3 b4 12. bxc4 bxc3 13. Nb1 Ne4 14. Bxe4 dxe4 15.
Ne5 Bb4 16. Qc2 O-O 17. Nxc6 Bxc6 18. Nxc3 Qa5 19. Kd2 Ba4 20. Qb2 Rac8 21. c5
Rfd8 22. Bd6 Rxd6 23. Rhb1 Bxc3+ 24. Qxc3 Qxc3+ 25. Kxc3 Rdd8 26. Rb7 e5 27.
Rab1 exd4+ 28. exd4 Bb5 29. Re7 Re8 30. Rxe8+ Rxe8 31. d5 Kf8 32. Kd4 f5 33. c6
f4 34. Re1 Kf7 35. Rxe4 g5 36. Rxe8 Kxe8 37. Kc5 Kd8 38. g3 f3 39. Kb6 Bc4 40.
d6 Bxa2 41. Kxa6 Bd5 42. Kb6 h5 43. h4 gxh4 44. gxh4 Be4 45. c7+ Kc8 46. Kc5
Kd7 47. Kd4 Bb7 48. Ke5 Ba8 49. Kf4 Bb7 50. Kg5 Kxd6 51. Kxh5 Kxc7 52. Kg6 Kd6
53. h5 Kc5 54. Kf5 Kd4 55. h6 Kd3 56. Kf4 Be4 57. h7 1/2-1/2

[Event "Coupe de la Loire"]
[Site "?"]
[Date "2015.05.10"]
[Round "2.3"]
[White "Mialon, Franck"]
[Black "Bouchut, Léo"]
[Result "1-0"]
[WhiteElo "1340"]
[BlackElo "1424"]
[PlyCount "35"]
[EventDate "2015.??.??"]
[WhiteTeam "Aurec 2"]
[BlackTeam "St Chamond 1"]

1. e4 e5 2. Nf3 Nc6 3. Bc4 Bc5 4. O-O Nf6 5. c3 Nxe4 6. d4 exd4 7. cxd4 Bb6 8.
d5 Bxf2+ 9. Rxf2 Nxf2 10. Kxf2 Na5 11. Bb3 Nxb3 12. axb3 d6 13. Ra4 O-O 14. Rh4
Bd7 15. Qd3 h6 16. Bxh6 gxh6 17. Rxh6 Kg7 18. Qh7# 1-0

[Event "Coupe de la Loire"]
[Site "?"]
[Date "2015.05.10"]
[Round "2.4"]
[White "Viricel, Maxime"]
[Black "Grasso, Michel"]
[Result "0-1"]
[WhiteElo "1010"]
[BlackElo "1399"]
[PlyCount "24"]
[EventDate "2015.??.??"]
[WhiteTeam "St Chamond 1"]
[BlackTeam "Aurec 2"]

1. e4 e6 2. Nc3 Nf6 3. Nf3 c6 4. Be2 g6 5. O-O Bg7 6. d4 O-O 7. e5 Ng4 8. Bg5
f6 9. Bxf6 Bxf6 10. exf6 Qxf6 11. Ne5 Qf4 12. Nd3 Qxh2# 0-1

[Event "Coupe de la Loire"]
[Site "?"]
[Date "2015.05.10"]
[Round "2.1"]
[White "Moreira, Fabien"]
[Black "Ben Habchi, Nordine"]
[Result "1-0"]
[WhiteElo "1305"]
[BlackElo "1275"]
[PlyCount "58"]
[EventDate "2015.??.??"]
[WhiteTeam "EDR 2"]
[BlackTeam "ESSE 2"]

1. e4 e6 2. d4 d5 3. Nc3 c5 4. Bf4 Nc6 5. Nf3 Nf6 6. Bb5 a6 7. exd5 exd5 8.
Qe2+ Be7 9. Bxc6+ bxc6 10. O-O-O O-O 11. Be5 Be6 12. Ng5 c4 13. g4 h6 14. Nxe6
fxe6 15. h4 Nh7 16. Bxg7 Rf7 17. Bxh6 Qd7 18. g5 Nf8 19. Rdf1 Ng6 20. h5 Nf4
21. Qg4 Bd6 22. Ne2 Nxe2+ 23. Qxe2 Bf4+ 24. Kb1 c3 25. g6 Rf5 26. Bxf4 Rxf4 27.
bxc3 Qd6 28. Qe5 Rb8+ 29. Ka1 Qa3 1-0

[Event "Coupe de la Loire"]
[Site "?"]
[Date "2015.05.10"]
[Round "2.2"]
[White "Libiszewski, Christian"]
[Black "Perroux, Louis"]
[Result "1-0"]
[WhiteElo "1435"]
[BlackElo "1099"]
[PlyCount "45"]
[EventDate "2015.??.??"]
[WhiteTeam "ESSE 2"]
[BlackTeam "EDR 2"]

1. e4 e5 2. Nf3 Nc6 3. Bc4 Nf6 4. d3 Bb4+ 5. c3 Ba5 6. O-O a6 7. Re1 b5 8. Bb3
b4 9. Bg5 h6 10. Bh4 Rg8 11. d4 g5 12. Bg3 Kf8 13. Nxe5 Nxe5 14. Bxe5 d6 15.
Bg3 bxc3 16. bxc3 Bxc3 17. Nxc3 Qe8 18. e5 Bb7 19. exf6 Qd7 20. Re7 Qc8 21.
Rxf7+ Ke8 22. Qe2+ Kd8 23. Qe7# 1-0

[Event "Coupe de la Loire"]
[Site "?"]
[Date "2015.05.10"]
[Round "2.3"]
[White "Roussel, Nathan"]
[Black "Hong, Shawn"]
[Result "0-1"]
[WhiteElo "1399"]
[BlackElo "1390"]
[PlyCount "52"]
[EventDate "2015.??.??"]
[WhiteTeam "EDR 2"]
[BlackTeam "ESSE 2"]

1. d4 d5 2. Nc3 Nf6 3. Nf3 e6 4. Bg5 Nbd7 5. e3 Be7 6. Bb5 c6 7. Bd3 b6 8. Ne5
Bb7 9. O-O O-O 10. Bxf6 Nxf6 11. e4 c5 12. dxc5 dxe4 13. Nxe4 Nxe4 14. Qh5 Nf6
15. Rad1 Qc7 16. cxb6 axb6 17. g4 Nxh5 18. Ra1 Qxe5 19. a4 Bc5 20. Rfe1 Qf4 21.
Re4 Qxf2+ 22. Kh1 Bxe4+ 23. Bxe4 Nf6 24. Bxa8 Rxa8 25. h3 Qg3 26. c3 Qxh3# 0-1

[Event "Coupe de La Loire"]
[Site "?"]
[Date "2015.05.10"]
[Round "3.1"]
[White "Moreira, Philippe"]
[Black "Deville, Olivier"]
[Result "1-0"]
[WhiteElo "1986"]
[BlackElo "1934"]
[PlyCount "135"]
[EventDate "2015.??.??"]

1. e4 c5 2. Nf3 d6 3. d4 cxd4 4. Nxd4 Nf6 5. Nc3 a6 6. a4 b6 7. Bd3 Bb7 8. O-O
e6 9. Qe2 Nbd7 10. f4 Qc7 11. Kh1 Be7 12. Be3 O-O 13. Rae1 Rfe8 14. Bg1 e5 15.
Nf5 Bf8 16. Qd2 d5 17. fxe5 Nxe4 18. Nxe4 dxe4 19. Bxe4 Nxe5 20. Bxb7 Qxb7 21.
Bd4 Ng6 22. Qc3 Rxe1 23. Rxe1 Rc8 24. Qb3 b5 25. axb5 Qxb5 26. Qxb5 axb5 27. c3
Nf4 28. Ne7+ Bxe7 29. Rxe7 Ne6 30. Rd7 Kf8 31. Kg1 Nxd4 32. Rxd4 Rc5 33. Rd7
Ke8 34. Rb7 Rd5 35. Kf1 Rd1+ 36. Ke2 Rg1 37. Kf2 Rh1 38. h3 Rd1 39. Rxb5 Ke7
40. c4 Rd4 41. b3 Kd6 42. Ke3 Rd1 43. Rb8 Kc5 44. Rb5+ Kc6 45. Rb8 Rg1 46. Kf2
Rb1 47. b4 g6 48. b5+ Kc5 49. Rc8+ Kb6 50. c5+ Kb7 51. Rf8 Rxb5 52. Rxf7+ Kc6
53. Rxh7 Kxc5 54. Rg7 Rb6 55. Kf3 Kd5 56. Kf4 Rb2 57. Rxg6 Rf2+ 58. Kg3 Rf8 59.
h4 Ke5 60. h5 Rf1 61. Rg4 Ra1 62. h6 Kf5 63. h7 Ra3+ 64. Kh4 Ra1 65. Rg5+ Kf4
66. g3+ Kf3 67. Rf5+ Ke4 68. Rh5 1-0

[Event "Coupe de la Loire"]
[Site "?"]
[Date "2015.05.10"]
[Round "3.2"]
[White "Graillon, David"]
[Black "Marazian, Antoine"]
[Result "1-0"]
[WhiteElo "1914"]
[BlackElo "1641"]
[PlyCount "107"]
[EventDate "2015.??.??"]
[WhiteTeam "Aurec 1"]
[BlackTeam "EDR 1"]

1. d4 e6 2. c4 Nf6 3. g3 d5 4. Bg2 c6 5. Nf3 Be7 6. O-O Nbd7 7. Qc2 O-O 8. b3
h6 9. Bb2 Nh7 10. Ne5 Qc7 11. Nd2 Nxe5 12. dxe5 Qb6 13. Rad1 Bd7 14. e4 Rac8
15. Qb1 d4 16. Bxd4 c5 17. Bc3 Bc6 18. f4 f5 19. exf6 Bxf6 20. e5 Be7 21. Be4
Bxe4 22. Nxe4 Rcd8 23. Qc2 Rxd1 24. Rxd1 Rd8 25. Rxd8+ Qxd8 26. Qd2 Qc7 27. Nd6
Qc6 28. Qg2 Qxg2+ 29. Kxg2 Bxd6 30. exd6 Nf8 31. Kf3 Kf7 32. h4 Nd7 33. g4 g6
34. Ke4 Kf8 35. f5 gxf5+ 36. gxf5 exf5+ 37. Kxf5 Kf7 38. Bd2 h5 39. Bg5 a6 40.
Be7 b5 41. cxb5 axb5 42. Ke4 Ke6 43. a4 c4 44. bxc4 bxa4 45. Kd4 Kf5 46. Kc3
Ke4 47. Kb4 Kd4 48. Kxa4 Kxc4 49. Ka5 Kc5 50. Ka6 Kc6 51. Ka7 Nc5 52. Kb8 Nd7+
53. Kc8 Nb6+ 54. Kd8 1-0

[Event "Coupe de la Loire"]
[Site "?"]
[Date "2015.05.10"]
[Round "3.3"]
[White "Imperiali, Joris"]
[Black "André, Grégory"]
[Result "1-0"]
[WhiteElo "1605"]
[BlackElo "1846"]
[PlyCount "71"]
[EventDate "2015.??.??"]
[WhiteTeam "EDR 1"]
[BlackTeam "Aurec 1"]

1. e4 e6 2. d4 d5 3. Nd2 Nf6 4. Bd3 c5 5. c3 Nc6 6. Ngf3 cxd4 7. cxd4 Qb6 8.
O-O Nxd4 9. Qa4+ Nc6 10. exd5 Nxd5 11. Nc4 Qb4 12. Qc2 Bd7 13. a3 Qe7 14. Re1
Rc8 15. Be4 Nf6 16. Bf4 Na5 17. Nd6+ Qxd6 18. Bxd6 Rxc2 19. Bxf8 Rxb2 20. Bxg7
Nxe4 21. Bxb2 Rg8 22. Rxe4 Bc6 23. Rf4 Bd5 24. Rc1 Bc6 25. Rc5 b6 26. Rg5 Rf8
27. Bc3 f5 28. Bxa5 bxa5 29. Rc4 Bxf3 30. gxf3 Kf7 31. Rc7+ Kf6 32. f4 h6 33.
Rgg7 h5 34. Rxa7 h4 35. Rh7 Kg6 36. Rxh4 1-0

[Event "Coupe de la Loire"]
[Site "?"]
[Date "2015.05.10"]
[Round "3.4"]
[White "Djouder, Larbi"]
[Black "Frey, Thierry"]
[Result "0-1"]
[WhiteElo "1646"]
[BlackElo "1841"]
[PlyCount "72"]
[EventDate "2015.??.??"]
[WhiteTeam "Aurec 1"]
[BlackTeam "EDR 1"]

1. e4 d6 2. Nf3 Nf6 3. Nc3 g6 4. d4 Bg7 5. Be2 O-O 6. O-O c6 7. Bf4 Nbd7 8. Qd2
b5 9. a3 Nb6 10. Rad1 d5 11. Ne5 Bb7 12. Bh6 Nxe4 13. Nxe4 dxe4 14. Bxg7 Kxg7
15. f4 f6 16. Ng4 Nd5 17. f5 g5 18. h4 h6 19. Ne3 Qd6 20. Nxd5 Qxd5 21. Qe3 a6
22. Kf2 Qxf5+ 23. Ke1 Qe6 24. Kd2 Rad8 25. Kc1 Bc8 26. hxg5 hxg5 27. Kb1 Rh8
28. Rf2 Qd5 29. c3 Be6 30. c4 bxc4 31. Qc3 Rb8 32. Rff1 Rb3 33. Qd2 Rhb8 34.
Rc1 Rxb2+ 35. Qxb2 Rxb2+ 36. Kxb2 Qxd4+ 0-1